000 00536nam a22001817a 4500
005 20251108164320.0
008 250721s9999 xx 000 0 ara d
082 1 4 _a418.2/إبر
100 1 _aنوفل، إبراهيم
245 1 0 _aنماذج إنشائية /
264 1 _aعمان :
_bدار الفرقان،
_c[19-].
300 _a80ص
500 _aالكتاب باللغتين العربية و الإنجليزية
650 1 7 _aاللغة العربية
650 1 7 _aالتعبير
942 _2ddc
_cBK
999 _c9110
_d9110